[Event "18th Aeroflot Open-A 2020"]
[Site "Moscow"]
[Date "2020.02.25"]
[Round "7.14"]
[White "Karthikeyan, Murali"]
[Black "Sethuraman, S.P."]
[Result "1/2-1/2"]
[WhiteElo "2602"]
[BlackElo "2641"]
[Annotator "TA"]
[PlyCount "143"]
[EventDate "2020.02.19"]
[EventType "swiss"]
[EventCountry "RUS"]
[SourceTitle "playchess.com"]
[Source "ChessBase"]
[SourceQuality "1"]

{[%evp 20,143,10,0,10,6,12,22,20,16,19,19,11,22,28,0,0,0,0,0,0,0,-6,-8,-11,0,-10,0,0,-23,-24,-37,-22,-27,-25,-56,-50,-53,-42,-54,-41,-49,-17,-79,-79,-96,-47,-57,-57,-57,-57,-52,-51,-53,-53,-53,-50,-48,-50,-51,-51,-51,-53,-62,-49,-48,-38,-45,0,-52,-52,-60,-60,-60,-56,-56,-56,-56,-56,-66,-66,-66,-66,-66,-65,-65,-58,-62,-59,-104,-104,-104,-104,-109,-109,-109,-109,-136,-136,-136,-136,-136,-136,-136,-136,-136,-136,-136,-136,-136,-136,-136,-136,-136,0,0,0,-136,-8,-136,-136,-136,-8,-8,-8,-8]} 1. e4 c5 2. Nf3 d6 3. d4 cxd4 4. Nxd4 Nf6 5. Nc3 a6 6. Be2 e5 7. Nb3 Be7 8. Be3 Be6 9. O-O O-O 10. Bf3 Nbd7 11. a4 Qc7 $1 {[%mdl 4] outshines the older 11...Rc8. B92: Sicilian Najdorf: 6 Be2.} 12. Re1 Rfc8 13. a5 b5 14. axb6 $1 Nxb6 15. Na5 Nc4 16. Nxc4 Bxc4 {[#]} 17. Qd2 $146 ({Predecessor:} 17. Na4 Rab8 18. b3 Bb5 19. c4 Bxa4 20. Rxa4 Qb7 21. Bg5 Qxb3 {½-½ (21) Ye,J (2632)-Zhou,J (2572) China 2007}) 17... Rab8 18. Reb1 h6 19. h3 Qc6 20. Ra4 Bd8 21. Ra3 a5 22. Qe1 Be6 23. Bd2 Bb6 24. Na4 Bd4 ({Not} 24... Qxc2 $2 25. Rc1 $18) 25. c3 Ba7 26. b4 Qc7 27. Raa1 axb4 28. cxb4 Bd4 29. Rc1 Qb7 30. Nc3 Bd7 31. b5 (31. Rab1 $11) 31... Bxb5 $17 32. Rab1 Bxc3 (32... Qd7 {with more complications.} 33. Nxb5 Rxc1 34. Qxc1 Rxb5 35. Rb4 Qb7) 33. Rxc3 {next Rcb3 is good for White.} Rxc3 34. Bxc3 Qc7 35. Ba5 Qc6 36. Rc1 Qa6 37. Ra1 Ra8 38. Bc3 Qc6 39. Rxa8+ Qxa8 40. Bb4 Qc6 41. Qd2 Ne8 42. Kh2 Ba4 43. Qa2 Bb5 44. Qd2 Ba6 45. Bd1 Qxe4 46. Ba4 Nf6 {Hoping for ...Nd5.} 47. f3 Qc4 {And now ...d5 would win.} 48. Qxd6 Nd5 {[#] Strongly threatening ...Qf4+.} 49. Bc2 Qxc2 50. Qxd5 Bf1 {[%csl Gf1][%cal Rc2g2]} 51. Qd2 Qc4 52. Qc3 Qe6 53. Qe1 Bc4 54. f4 exf4 55. Qxe6 Bxe6 {[%mdl 4096] Endgame KB-KB} 56. Bd2 g5 57. h4 f6 58. hxg5 fxg5 59. g3 fxg3+ 60. Kxg3 Kf7 61. Ba5 Kg6 62. Bd8 h5 63. Be7 h4+ 64. Kf2 Kh5 65. Bd8 g4 66. Bc7 Kg5 (66... Bd7 $17) 67. Bd8+ $11 Kh5 (67... Kf4 $11 68. Bxh4 Bf7) 68. Bc7 $1 $17 Kg6 (68... Bc4 $17) 69. Bb8 (69. Bd8 $11 {was the only way to keep the balance.}) 69... Kf5 70. Bc7 g3+ {[#]} (70... Bd5 $17) 71. Bxg3 $1 $11 {[%mdl 512]} hxg3+ 72. Kxg3 {Accuracy: White = 85%, Black = 84%.} 1/2-1/2

[Event "18th Aeroflot Open-A 2020"]
[Site "Moscow"]
[Date "2020.02.25"]
[Round "7.15"]
[White "Riazantsev, Alexander"]
[Black "Aryan Chopra"]
[Result "1/2-1/2"]
[WhiteElo "2639"]
[BlackElo "2562"]
[Annotator "TA"]
[PlyCount "46"]
[EventDate "2020.02.19"]
[EventType "swiss"]
[EventCountry "RUS"]
[SourceTitle "playchess.com"]
[Source "ChessBase"]
[SourceQuality "1"]

{[%evp 19,46,8,8,7,8,14,15,26,22,0,0,8,6,0,0,0,0,0,0,0,0,0,0,0,0,0,0,0,0]} 1. d4 Nf6 2. c4 g6 3. Nc3 d5 4. cxd5 Nxd5 5. e4 Nxc3 6. bxc3 Bg7 7. Bc4 c5 8. Ne2 Nc6 9. Be3 O-O 10. O-O e6 {10...Bg4 is setting a new trend. Played by Shakhriyar Mamedyarov in December 2019.} 11. dxc5 {D87: Exchange Grünfeld: Classical Line: Variations without ...cxd4.} Qa5 12. Bb3 b6 13. cxb6 axb6 {[#]} 14. Nd4 $146 {The position is equal.} ({Predecessor:} 14. f4 Ba6 15. Qe1 Bxe2 16. Qxe2 Qxc3 17. e5 Nd4 18. Qe1 Qxe1 19. Rfxe1 Rfd8 20. Red1 Nxb3 21. Rxd8+ {½-½ (21) Manaenkov,V (2425)-Belka,W (2497) ICCF email 2014}) 14... Bb7 15. Nxc6 (15. Qg4 {with more complications.} Qxc3 16. Rac1 Ne5 17. Qg5 Qd3 18. Rc7) 15... Bxc6 16. Qc2 Rfc8 17. Rac1 Bb5 {[%cal Rc8c3]} 18. c4 Bxc4 19. Bxc4 {[#] Hoping for Qb1.} b5 20. Qe2 bxc4 21. Rxc4 Rxc4 22. Qxc4 Qxa2 23. Qxa2 Rxa2 {A rather calm draw. Accuracy: White = 100%, Black = 100%.} 1/2-1/2

[Event "18th Aeroflot Open-A 2020"]
[Site "Moscow"]
[Date "2020.02.25"]
[Round "7.16"]
[White "Shimanov, Aleksandr"]
[Black "Shtembuliak, Evgeny"]
[Result "1-0"]
[WhiteElo "2587"]
[BlackElo "2628"]
[Annotator "TA"]
[PlyCount "95"]
[EventDate "2020.02.19"]
[EventType "swiss"]
[EventCountry "RUS"]
[SourceTitle "playchess.com"]
[Source "ChessBase"]
[SourceQuality "1"]

{[%evp 15,95,15,28,22,62,30,43,33,41,37,56,53,28,36,50,45,15,0,20,0,21,0,88,0,0,0,0,0,0,0,0,0,0,0,0,0,26,12,44,21,51,50,57,57,64,69,66,53,217,214,264,260,248,247,256,247,249,0,183,0,243,242,266,248,311,333,353,353,421,427,847,858,862,827,1301,1250,5277,5277,4902,4481,4133,4133]} 1. d4 g6 2. e4 Bg7 3. Nc3 d6 4. Be3 a6 5. Qd2 b5 6. f3 Nd7 7. h4 h5 8. Nh3 Bb7 9. Ng5 {B06: Modern Defence.} e6 10. O-O-O Ngf6 11. Kb1 {White is slightly better.} Qe7 12. a3 Rd8 13. Rg1 O-O 14. g4 c5 $1 {[#]} 15. gxh5 $146 ({Predecessor:} 15. Qh2 hxg4 16. fxg4 b4 17. axb4 cxb4 18. Ne2 Nxe4 19. Nxe4 Bxe4 20. Ng3 Nf6 21. Nxe4 Nxe4 {½-½ (47) Parshin,V (2384)-Neto,H (2580) ICCF email 2017}) 15... Nxh5 16. Be2 cxd4 17. Bxd4 Bxd4 18. Qxd4 Nf4 {[#]} (18... Nc5 $11) 19. Qe3 ({Much weaker is} 19. Qxd6 Qxd6 20. Rxd6 Ne5 $15) (19. h5 $1 $16) 19... e5 $11 {And now ...f6 would win.} 20. Bf1 Nf6 21. Nh3 Nxh3 22. Bxh3 {Strongly threatening Qh6.} Kg7 $1 23. Rdf1 Rh8 24. f4 {next f5 is good for White.} Rxh4 25. f5 $1 {[%cal Rf5g6] Hoping for fxg6.} Bxe4 26. fxg6 Bxg6 27. Bf5 $1 Rdh8 28. Ne2 R8h6 29. Ng3 $1 {Bxg6 is the strong threat.} Kh7 30. Bxg6+ fxg6 31. Qg5 $1 Rf4 $2 {[#]} (31... Rg4 $1 $14 32. Qxf6 Qxf6 33. Rxf6 Rh3) 32. Ne2 $1 $18 {[%cal Re2f4]} Rf5 33. Rxf5 gxf5 34. Qxf5+ Kh8 35. Qc8+ Kh7 36. Qf5+ (36. Qxa6 Qd7) 36... Kh8 37. Qc8+ $40 {[%mdl 128] White attacks.} (37. Nc3 $142 {Black must now prevent Nd5!} Qf8 38. Rd1) 37... Kh7 38. Qxa6 Rg6 39. Rh1+ ({Don't do} 39. Qxb5 $6 Rxg1+ 40. Nxg1 Kg7 $16) 39... Rh6 40. Rd1 d5 41. Qxb5 Kg6 42. Nc3 {White is clearly winning.} d4 (42... Qd7 $142 43. Qe2 Qg4 44. Qxe5 Rh5) 43. Rg1+ Kf7 44. Qc4+ Ke8 45. Nd5 Nxd5 46. Qc8+ Kf7 47. Qg8+ Kf6 48. Qg5+ {[%mdl 64] Double Attack. Accuracy: White = 92%, Black = 56%.} 1-0

[Event "18th Aeroflot Open-A 2020"]
[Site "Moscow"]
[Date "2020.02.25"]
[Round "7.17"]
[White "Deac, Bogdan-Daniel"]
[Black "Badelka, Olga"]
[Result "1-0"]
[WhiteElo "2626"]
[BlackElo "2404"]
[Annotator "TA"]
[PlyCount "99"]
[EventDate "2020.02.19"]
[EventType "swiss"]
[EventCountry "RUS"]
[SourceTitle "playchess.com"]
[Source "ChessBase"]
[SourceQuality "1"]

{[%evp 14,99,24,5,55,38,53,50,77,77,77,72,81,51,71,74,80,77,76,66,72,68,118,112,123,121,112,111,153,136,118,118,166,166,153,146,141,127,133,88,79,91,75,74,88,89,94,91,85,80,189,177,168,130,196,189,220,219,220,199,215,204,274,261,536,542,531,520,464,404,398,389,464,450,450,441,578,569,554,565,565,557,613,543,704,697,1441,1275]} 1. d4 Nf6 2. c4 e6 3. Nf3 d5 4. Nc3 dxc4 5. Qa4+ c6 6. Qxc4 b5 7. Qd3 Nbd7 8. e4 a6 {D43: Semi-Slav: 5 Bg5 h6.} (8... b4 $5 {[%cal Rb4c3]} 9. Na4 Be7 $11) 9. Be2 $5 {[%mdl 4] A promising side line.} (9. e5 $5 {[%cal Re5f6]} Nd5 10. Nxd5 exd5 11. Be2 $14) 9... Be7 {[#]} 10. O-O $146 ({Predecessor:} 10. e5 Nd5 11. Nxd5 cxd5 12. O-O Nb8 13. Bd2 Nc6 14. Rac1 Bd7 15. Rc2 Qb6 16. Rfc1 {0-1 (49) Ishee,J (1900)-Laine,E (1889) ICCF email 2008}) 10... Bb7 {[#]White is slightly better.} 11. e5 $1 {[%cal Re5f6]} Nd5 12. Nxd5 cxd5 13. Bd2 O-O 14. Rfc1 Qb6 15. Bg5 Rfe8 16. Bxe7 Rxe7 17. Rc2 f6 18. Qe3 Ree8 19. Rac1 Rac8 20. exf6 gxf6 21. Qh6 {Bd3 is the strong threat.} Rxc2 22. Rxc2 Qd6 23. Bd3 Re7 24. h4 Rf7 25. g3 Nb8 26. Qh5 Nc6 27. a3 Qe7 28. Rc1 Rg7 29. Qh6 Nd8 30. Qf4 Nc6 31. Re1 h5 {[#]} (31... Bc8 $16) 32. Bf5 $1 {[%mdl 512]} Bc8 (32... exf5 33. Rxe7) 33. Kh2 Nd8 (33... Bd7 $16 {is a better defense.} 34. b4 Bc8) 34. Qh6 $18 Qf7 35. Bh3 Bd7 36. Qf4 Qe7 37. Qc7 Be8 38. Qb6 Bg6 $2 (38... Kf8 {was worth a try.} 39. Bxe6 Qc7 40. Qxa6 Qc6 41. Qxc6 Bxc6) 39. Bxe6+ Nxe6 40. Rxe6 {[%mdl 64] Double Attack} Qc7 41. Rxf6 Qxb6 42. Rxb6 {[%mdl 4096] Endgame KRB-KRN} Be4 43. Rb8+ {White is clearly winning.} Kh7 44. Ng5+ Kg6 45. f3 Bb1 46. Rb6+ Kf5 47. Rxa6 Rc7 48. Rd6 Ba2 49. Kh3 Bc4 50. g4+ {Accuracy: White = 93%, Black = 45%.} 1-0

[Event "18th Aeroflot Open-A 2020"]
[Site "Moscow"]
[Date "2020.02.25"]
[Round "7.18"]
[White "Zvjaginsev, Vadim"]
[Black "Asadli, Vugar"]
[Result "1/2-1/2"]
[WhiteElo "2623"]
[BlackElo "2538"]
[Annotator "TA"]
[PlyCount "68"]
[EventDate "2020.02.19"]
[EventType "swiss"]
[EventCountry "RUS"]
[SourceTitle "playchess.com"]
[Source "ChessBase"]
[SourceQuality "1"]

{[%evp 11,68,2,4,14,11,14,13,16,17,19,29,21,25,20,37,33,31,30,35,28,32,25,33,20,33,38,53,13,33,27,60,60,57,50,58,4,5,3,8,0,8,7,8,0,2,1,10,8,55,39,36,24,24,0,0,0,0,0,0]} 1. e4 e5 2. Nf3 Nc6 3. d4 exd4 4. Nxd4 Bc5 5. Nxc6 Qf6 6. Qf3 dxc6 7. Nc3 {C45: Scotch Game.} Be6 8. Be3 Qxf3 9. gxf3 Bxe3 10. fxe3 Nf6 {10...Ne7 is a critical line.} 11. Rg1 g6 12. Ne2 {[#]} Nh5 $146 ({Predecessor:} 12... O-O-O 13. Nd4 Rhe8 14. e5 Nd7 15. Nxe6 Rxe6 16. f4 f6 17. Bh3 Re7 18. O-O-O fxe5 19. fxe5 Rxe5 {1-0 (35) Oviedo Araujo,A (1862)-Kokarev,A (1970) ICCF email 2017}) 13. Rd1 Ke7 14. Nd4 Bd7 15. Rg5 b6 16. Rg2 Rhd8 17. Rgd2 Ng7 18. Bc4 a5 19. a3 Be8 20. f4 c5 21. Nb5 $1 Rxd2 22. Rxd2 Rc8 23. Bf1 (23. e5 $14) 23... Bxb5 24. Bxb5 $11 {[%mdl 4096] Endgame KRB-KRN} c6 $1 {[%cal Rc6b5]} 25. Bf1 f6 $1 26. h4 Rd8 27. Rg2 b5 28. b3 Ne8 29. h5 Kf7 30. hxg6+ hxg6 31. Rh2 Kg7 32. Bh3 Nd6 {The position is equal.} 33. Rd2 Kf8 34. Bf1 Ke7 {Accuracy: White = 91%, Black = 93%.} 1/2-1/2

[Event "18th Aeroflot Open-A 2020"]
[Site "Moscow"]
[Date "2020.02.25"]
[Round "7.19"]
[White "Murzin, Volodar"]
[Black "Indjic, Aleksandar"]
[Result "0-1"]
[WhiteElo "2442"]
[BlackElo "2622"]
[Annotator "TA"]
[PlyCount "100"]
[EventDate "2020.02.19"]
[EventType "swiss"]
[EventCountry "RUS"]
[SourceTitle "playchess.com"]
[Source "ChessBase"]
[SourceQuality "1"]

{[%evp 17,100,8,4,8,49,19,18,26,14,26,31,8,9,0,0,0,0,0,0,-13,-7,-13,-2,-3,-2,-5,0,-4,0,-10,-10,-11,-13,-17,0,-39,-35,-41,-38,-47,-42,-47,-34,-35,-38,-43,-47,-64,-56,-57,-56,-58,-57,-70,-59,-44,-37,-26,-37,-125,-125,-112,-74,-83,-71,-250,-239,-1027,-990,-1076,-1083,-923,-1127,-1047,-1114,-1107,-1089,-1534,-1261,-1226,-1144,-2237,-2145,-2084,-2014]} 1. d4 Nf6 2. Nf3 e6 3. Bf4 d5 4. Nbd2 Bd6 5. e3 O-O 6. Bd3 c5 7. c3 Qc7 8. Bxd6 Qxd6 9. O-O Nbd7 10. Re1 {D03: 1 d4 d5 2 Nf3 Nf6 3 Bg5, including Torre Attack with early ...d5.} e5 $5 {[%mdl 4] An interesting side line.} 11. dxe5 Nxe5 12. Nxe5 {The position is equal.} Qxe5 13. e4 Bg4 14. exd5 (14. f3 {looks sharper.} Bh5 15. exd5 Qxd5 16. Bf1 Rad8 17. Nc4) 14... Qxd5 {[#]} 15. Be2 $146 ({Predecessor:} 15. Nf3 Rad8 16. Be2 Qc6 17. Qc2 Rfe8 18. Rad1 Rxd1 19. Rxd1 Qe6 20. Kf1 Qxa2 21. Bb5 {0-1 (28) Esteve Lopez,J (2035)-Sanchez Bernardino,M (2205) Tarragona 2003}) 15... Bxe2 16. Rxe2 Rfe8 17. Rxe8+ Rxe8 18. Nf3 Qf5 19. Qd2 h6 20. Rd1 b6 21. h3 g5 22. Qd3 Re4 23. Qb1 Qe6 24. a3 Re2 25. Re1 Nd5 26. Qd1 Nf4 {...g4 is the strong threat.} 27. Rxe2 Nxe2+ 28. Kf1 Nf4 29. Ne1 Qc4+ 30. Kg1 Qe4 31. Kf1 c4 32. f3 Qe3 33. Nc2 Qd3+ 34. Qxd3 Nxd3 $15 {[%mdl 4096] Endgame KN-KN} 35. Ke2 Nxb2 36. Ke3 f5 37. Kd4 f4 38. Nb4 ({White should try} 38. Kd5 $15) 38... Kg7 $17 39. Nc6 a6 $1 40. Ne7 b5 41. Nd5 $2 {This costs White the game.} (41. Nc6 $17 {was forced.}) 41... Kg6 $1 $19 42. Nc7 $2 {[#]} (42. h4) 42... Kh5 $1 {[%cal Rh5h4] Black is clearly winning.} 43. Nxa6 {[#]} Kh4 $1 {[%cal Rh4g3]} 44. Nc7 Kg3 45. Nxb5 Kxg2 46. Ke4 Na4 47. Nd6 Nxc3+ 48. Kd4 Na4 49. Kxc4 Kxf3 50. Kb5 Nb2 {Accuracy: White = 71%, Black = 97%.} 0-1

[Event "18th Aeroflot Open-A 2020"]
[Site "Moscow"]
[Date "2020.02.25"]
[Round "7.20"]
[White "Nesterov, Arseniy"]
[Black "Kobalia, Mikhail"]
[Result "1/2-1/2"]
[WhiteElo "2501"]
[BlackElo "2609"]
[Annotator "TA"]
[PlyCount "91"]
[EventDate "2020.02.19"]
[EventType "swiss"]
[EventCountry "RUS"]
[SourceTitle "playchess.com"]
[Source "ChessBase"]
[SourceQuality "1"]

{[%evp 9,91,19,30,29,35,18,17,27,25,10,4,3,10,8,0,0,10,0,7,0,0,-6,0,0,0,0,0,0,0,0,0,0,18,0,0,0,0,-12,-1,-18,-33,-19,0,-2,-2,-2,-2,-5,-7,-8,-8,-9,0,0,0,0,0,0,0,0,0,0,0,-2,0,0,0,0,0,0,0,0,0,0,0,0,0,0,0,0,0,0,0,0]} 1. d4 d5 2. c4 e6 3. Nf3 a6 4. Bg5 Be7 5. Bxe7 Nxe7 6. e3 {D30: Queen's Gambit Declined: Systems without Nc3.} O-O 7. Nbd2 {[%cal Bb1d2,Bd2c4,Bc4e5][%mdl 32]} Nd7 8. Rc1 b6 {[#]} 9. cxd5 $146 ({Predecessor:} 9. Be2 Bb7 10. O-O a5 11. cxd5 Bxd5 12. Qa4 c5 13. Bb5 Ra7 14. Bxd7 Rxd7 15. dxc5 Bc6 16. Qh4 bxc5 17. Ne4 Bxe4 18. Qxe4 Rd5 19. Rc3 {½-½ (19) Erdos,V (2604)-Grandelius,N (2678) Daventry 2019}) 9... Nxd5 10. Be2 Bb7 11. O-O c5 12. Nc4 Qe7 13. Nfe5 Rad8 14. Nxd7 Rxd7 15. Bf3 cxd4 16. Ne5 Rdd8 17. Qxd4 f6 18. Nc4 Nb4 19. Qxb6 Bxf3 20. gxf3 Nxa2 21. Rcd1 Nb4 22. Rxd8 Rxd8 23. Na5 Rd5 {[#] And now ...Rb5 would win.} 24. Nc6 Qd6 25. Qxb4 {Threatens to win with Ne7+.} Rg5+ {The position is equal.} 26. Kh1 Qxc6 $11 {[%cal Rc6f3][%mdl 4096] Endgame KQR-KQR} 27. Qb8+ Kf7 {[%cal Rc6f3]} 28. Qa7+ Kg6 {[%cal Rc6f3]} 29. e4 {[#]} Qb5 $1 {[%cal Rb5f1][%mdl 512]} 30. Rg1 Qe2 31. Rxg5+ fxg5 {[%cal Re2f1] KQ-KQ} 32. Kg2 g4 33. fxg4 $1 Qxg4+ 34. Kf1 Qh3+ 35. Kg1 Qd3 36. Qb7 Qb5 37. Qc8 Qxb2 {White must now prevent ...Qb1+.} 38. Qxe6+ Qf6 39. Qe8+ Kg5 40. Qb8 Qf4 41. Qb7 Qf6 42. Qc7 Kg4 43. Qg3+ Kh5 44. Kf1 Qa1+ 45. Kg2 Qf6 46. Kf1 {Accuracy: White = 100%, Black = 100%.} 1/2-1/2

[Event "18th Aeroflot Open-A 2020"]
[Site "Moscow"]
[Date "2020.02.25"]
[Round "7.21"]
[White "Kovalev, Vladislav"]
[Black "Visakh N R"]
[Result "1-0"]
[WhiteElo "2650"]
[BlackElo "2518"]
[Annotator "TA"]
[PlyCount "95"]
[EventDate "2020.02.19"]
[EventType "swiss"]
[EventCountry "RUS"]
[SourceTitle "playchess.com"]
[Source "ChessBase"]
[SourceQuality "1"]

{[%evp 15,95,-6,-2,-28,-23,-9,-10,-34,-36,-50,0,-11,-16,-14,0,0,12,21,15,0,4,0,0,3,24,29,28,0,30,25,71,67,74,34,112,110,131,104,167,167,709,133,126,125,141,135,137,131,137,124,125,111,125,128,138,129,115,132,316,292,310,319,318,277,298,322,405,405,509,479,510,472,514,514,503,490,577,478,541,544,535,502]} 1. e4 c5 2. Nc3 d6 3. Bb5+ Bd7 4. Bxd7+ Qxd7 5. f4 g6 6. Nf3 Bg7 7. O-O Nc6 8. d3 Nf6 9. Kh1 {B23: Closed Sicilian: Lines without g3.} O-O 10. Be3 b5 {[%cal Bb7b5,Bb5b4][%mdl 32] [#]} 11. Qe1 $146 {The position is equal.} ({Predecessor:} 11. Bg1 Nh5 12. Qd2 b4 13. Nd1 f5 14. e5 dxe5 15. fxe5 Nxe5 16. Bxc5 a5 17. a3 bxa3 18. Rxa3 {½-½ (26) Rahimli,I (1992)-Gasimov,P (2342) Sivas 2019}) 11... b4 12. Nd1 c4 13. Nf2 cxd3 14. cxd3 e5 15. fxe5 dxe5 16. Rc1 Rfc8 17. Qd1 Qb7 18. Qa4 Nd7 19. Rc4 Nb6 20. Qb5 Rab8 21. Rc2 Qa8 22. Qa6 b3 {[%mdl 64] Decoy} 23. axb3 Nd4 24. Rc3 Nd7 {[#]} ({Black should play} 24... Qb7 $14 25. Qa2 Nd7) 25. b4 $1 $16 {[%mdl 512]} Rc6 (25... Rxb4 26. Rxc8+) 26. Qa4 {And now Bxd4 would win.} Nb6 {[#]} (26... Rd6 $16 {might work better.}) 27. Qa2 $1 $18 Rbc8 $2 {[#]} (27... Nxf3 28. gxf3 Qb7) 28. Ng4 $2 (28. Nxe5 $1 $18 {[%mdl 512] and the rest is easy.} Bxe5 29. Ng4) 28... Nxf3 $16 29. Rxf3 {White wants to mate with Nh6+.} Qb7 30. Qb3 h5 31. Nh6+ Bxh6 32. Bxh6 Qe7 33. Rf1 Qe6 34. Qc2 Nd7 35. Rc1 {[%cal Rc3c6]} Rxc3 36. bxc3 a5 $2 {This costs Black the game.} (36... Qb6 $16 37. Qb3 Qf2) 37. bxa5 $18 Qa6 38. Ra1 Nc5 39. d4 Nb7 40. Qa4 Ra8 41. Qb4 Nd6 42. dxe5 {White is clearly winning.} Nc4 43. Qe7 Qe6 44. Qxe6 fxe6 45. a6 {[%cal Ba5a6,Ba6a7][%mdl 32]} Kf7 46. a7 Ke7 47. Bf4 Kd7 48. Ra6 {Accuracy: White = 80%, Black = 63%.} 1-0

[Event "18th Aeroflot Open-A 2020"]
[Site "Moscow"]
[Date "2020.02.25"]
[Round "7.22"]
[White "Artemiev, Vladislav"]
[Black "Sanal, Vahap"]
[Result "1-0"]
[WhiteElo "2728"]
[BlackElo "2569"]
[Annotator "TA"]
[PlyCount "85"]
[EventDate "2020.02.19"]
[EventType "swiss"]
[EventCountry "RUS"]
[SourceTitle "playchess.com"]
[Source "ChessBase"]
[SourceQuality "1"]

{[%evp 9,85,9,0,-2,21,12,16,21,17,14,33,21,65,58,75,62,93,66,64,64,70,73,65,75,75,70,75,75,77,69,58,79,79,83,139,147,140,147,149,138,144,124,125,109,122,122,132,114,111,102,120,122,112,129,225,213,224,135,202,196,319,315,305,262,247,213,353,348,331,308,327,340,585,582,576,559,538,536]} 1. c4 Nf6 2. g3 e5 3. Bg2 g6 4. d4 exd4 5. Qxd4 Nc6 6. Qe3+ {A20: English Opening: 1...e5.} Ne7 (6... Be7 {feels hotter.} 7. Nc3 O-O 8. Nh3 d5 9. cxd5 Bxh3 10. Bxh3 Nxd5 11. Qf3 Nxc3 12. bxc3 Bg5) 7. Nc3 Bg7 8. Qd2 {The position is equal.} O-O 9. e4 {[#]} d6 $146 ({Predecessor:} 9... Nc6 10. Nge2 Re8 11. O-O d6 12. b3 Nxe4 13. Bxe4 Rxe4 14. Nxe4 Bxa1 15. Nf4 Bg7 {½-½ (29) Gritsenko,V-Kislov,S (2365) Voronezh 1997}) 10. Nge2 Ng4 11. h3 Ne5 12. b3 f5 {Threatening ...fxe4.} 13. Bb2 fxe4 14. Nxe4 Nd3+ 15. Qxd3 Bxb2 16. Rd1 Bg7 17. O-O Kh8 18. Nf4 Bf5 19. Qe3 Nc6 20. c5 {[%cal Rc5d6]} Be5 21. cxd6 Bxe4 ({Better is} 21... cxd6 22. Rfe1 Bxe4 23. Qxe4 (23. Bxe4 Bxf4 24. gxf4 Qf6 $11) 23... Bxf4 24. gxf4 Rc8) 22. dxc7 $1 $16 (22. Bxe4 $6 Bxf4 23. gxf4 cxd6 $14) 22... Qxc7 23. Ne6 $1 {[%cal Re6c7]} Qf7 {[#] Strongly threatening ...Bxg2.} 24. Ng5 $1 {[%cal Rg5f7]} (24. Qxe4 Qxe6 25. f4 {[#]} Bd4+ $1 {[%mdl 512]} 26. Rxd4 Nxd4 $17) 24... Qg7 {Hoping for ...Bxg2.} 25. Qxe4 {And now Ne6 would win.} Rae8 26. Qc4 Nd4 27. Rfe1 {Black must now prevent Rxd4!} h6 28. Ne4 Rc8 29. Qd3 Rfd8 30. Rd2 Qf8 {intending ...Nc2.} 31. Red1 Bg7 (31... Rc7 $16 32. Qe3 Rcd7) 32. Qe3 $18 Qb4 33. Kh2 a5 {[#]} (33... Rd7 $16 34. a3 Qb6) 34. Nf6 $1 {[%mdl 512]} Qd6 (34... Qf8 $142) (34... Bxf6 35. Qxh6+) 35. Nd5 ({But not} 35. Rxd4 Qxf6 36. Rf4 (36. Bxb7 Rxd4 37. Rxd4 Qxd4 $16) 36... Qe5 $18) (35. Qxd4 Qxd4 36. Rxd4 Bxf6 $16) ({Much less strong is} 35. Bxb7 Rb8 $18) 35... Nf5 36. Qe4 Re8 37. Qf3 b6 (37... Nh4 $142 38. Qg4 Nxg2) 38. Nf4 Qf6 39. Rd5 Rf8 40. Qg4 Kh7 $2 (40... Ne7 {was called for.} 41. Rd6 Qg5) 41. Be4 {White is clearly winning.} Rc5 42. Rxc5 bxc5 43. Rd7 {Black did not feel at home in the position after the opening. Accuracy: White = 92%, Black = 61%.} 1-0

[Event "18th Aeroflot Open-A 2020"]
[Site "Moscow"]
[Date "2020.02.25"]
[Round "7.23"]
[White "Grigoriants, Sergey"]
[Black "Narayanan.S.L"]
[Result "1-0"]
[WhiteElo "2539"]
[BlackElo "2637"]
[Annotator "TA"]
[PlyCount "115"]
[EventDate "2020.02.19"]
[EventType "swiss"]
[EventCountry "RUS"]
[SourceTitle "playchess.com"]
[Source "ChessBase"]
[SourceQuality "1"]

{[%evp 10,115,52,51,44,53,54,25,30,34,29,22,32,25,35,27,72,64,75,73,89,75,75,61,92,81,80,74,119,114,128,117,132,136,135,126,145,149,161,154,150,146,156,174,158,169,163,151,175,166,167,168,171,169,161,123,122,129,154,145,163,164,165,156,164,172,168,167,364,351,368,368,344,329,439,335,329,326,299,306,273,257,228,30,30,50,55,22,87,50,50,50,50,0,0,0,0,0,0,0,1797,1468,926,897,29984,29985,29984,29985]} 1. e4 e5 2. Nf3 Nc6 3. Bb5 a6 4. Ba4 Bc5 5. c3 Nge7 6. O-O Ng6 {is now debated instead of 6...b5. C64: Ruy Lopez: Classical Defence (3...Bc5) except 4 0-0 Nf6.} 7. d4 Ba7 8. Bg5 f6 {White has an edge.} 9. Be3 O-O 10. Nbd2 {[%cal Bb1d2,Bd2f1,Bf1g3][%mdl 32]} d6 11. Re1 Kh8 12. h3 Qe7 13. Nf1 $36 {[%mdl 2048] [#] White fights for an advantage.} Nd8 $146 ({Predecessor:} 13... Nf4 14. Ng3 g5 15. Nh2 Qg7 16. Qd2 Ne7 17. Bd1 Neg6 18. Bxf4 gxf4 19. Nh5 Qf7 {0-1 (34) Demianjuk,A (2317)-Rodin,M (2365) Zvenigorod 2008}) 14. Ng3 Ne6 15. h4 Qf7 16. Bb3 Qe8 17. Qd2 Bd7 18. Rad1 Rd8 19. h5 Ngf4 {[#]} 20. h6 $1 {[%mdl 512]} Qg6 (20... gxh6 21. dxe5) 21. hxg7+ $1 Qxg7 22. Bxe6 Bxe6 23. Bxf4 exf4 24. Qxf4 Rg8 25. b3 Rdf8 26. Nh4 Qg5 27. Qxg5 fxg5 28. Nhf5 g4 29. Kf1 Rg5 30. Ne3 a5 31. Ke2 a4 32. d5 ({Don't take} 32. bxa4 Ra5 $16) 32... Bd7 33. Rh1 Rf4 34. Rh6 Rg6 35. Rdh1 Rxh6 36. Rxh6 axb3 37. axb3 Bb5+ 38. c4 Be8 $2 (38... Bd7 {is a better defense.} 39. Rh1 Rf8) 39. Re6 $18 Bg6 40. Ngf5 Bxf5 41. exf5 Bxe3 42. Kxe3 ({Less strong is} 42. Rxe3 Rxf5 43. Re7 c6 $16) 42... Rxf5 {[%mdl 4096] Endgame [#] KR-KR} 43. Re8+ $1 Kg7 {[#]} 44. Re7+ $1 Kg6 45. Rxc7 h5 46. f3 $2 (46. Rd7 $18) 46... gxf3 $11 47. gxf3 h4 $1 48. Kf2 h3 (48... Rg5 $11 {keeps the balance.}) 49. Kg3 ({Don't play} 49. Rxb7 $6 Rg5 $11) 49... Rh5 {( -> ...h2)} 50. Kh2 Rf5 $1 51. Rxb7 {Black must now prevent Rd7.} Rxf3 52. Rb6 {b4 is the strong threat.} Kf5 53. Rxd6 {And now b4 would win.} Rxb3 54. c5 {Hoping for c6.} Kg4 $2 {[%mdl 8192]} (54... Rc3 $11) 55. Rg6+ $18 Kh4 56. d6 {Strongly threatening d7.} Rb2+ 57. Kh1 Rd2 58. Rg1 {Accuracy: White = 82%, Black = 75%.} 1-0